[Event "Doeberl Cup Minor 47th"]
[Site "Canberra"]
[Date "2009.04.11"]
[Round "4"]
[White "Kolotas, Harry"]
[Black "Clark, David"]
[Result "1-0"]
[WhiteElo "1454"]
[BlackElo "881"]
[PlyCount "65"]
[EventDate "2009.04.10"]
[EventType "swiss"]
[EventRounds "6"]
[EventCountry "AUS"]
[SourceTitle "CBM 129 Extra"]
[Source "ChessBase"]
[SourceDate "2009.05.05"]
[SourceVersion "2"]
[SourceVersionDate "2009.05.20"]
[SourceQuality "1"]

1. e4 c6 2. d4 d5 3. exd5 cxd5 4. Bd3 e6 5. Nf3 Nf6 6. 0-0 Be7 7. c3 0-0 8. Qc2 Nbd7 9. Be3 a6 10. Nbd2 b5 11. Ne5 Qc7 12. f4 Bb7 13. Rf3 Nb6 14. Rh3 h6 15. Rg3 Nc4 16. f5 Nxe3 17. Rxe3 Bc8 18. fxe6 Bxe6 19. Rae1 Rfe8 20. Ndf3 Qc8 21. Nxf7 Bxf7 22. Rxe7 Rxe7 23. Rxe7 Qf8 24. Re2 Re8 25. Ne5 Bh5 26. Rf2 Qe7 27. h3 Nd7 28. Nxd7 Qxd7 29. g4 Bf7 30. Bh7+ Kh8 31. Bg6 Bxg6 32. Qxg6 Qe6 33. Rf8+ 1-0

[Event "Doeberl Cup Minor 47th"]
[Site "Canberra"]
[Date "2009.04.11"]
[Round "3"]
[White "Simmonds, Leteisha Simone"]
[Black "Kolotas, Harry"]
[Result "1-0"]
[WhiteElo "1169"]
[BlackElo "1454"]
[PlyCount "53"]
[EventDate "2009.04.10"]
[EventType "swiss"]
[EventRounds "6"]
[EventCountry "AUS"]
[SourceTitle "CBM 129 Extra"]
[Source "ChessBase"]
[SourceDate "2009.05.05"]
[SourceVersion "2"]
[SourceVersionDate "2009.05.20"]
[SourceQuality "1"]

1. e4 e5 2. Nf3 Nc6 3. Bc4 Nf6 4. Ng5 d5 5. exd5 b5 6. Bf1 Nd4 7. c3 Nxd5 8. cxd4 Qxg5 9. Bxb5+ Kd8 10. Qf3 exd4 11. Bc6 Qe5+ 12. Kd1 Nb4 13. Re1 Qxe1+ 14. Kxe1 Nc2+ 15. Kd1 Nxa1 16. Bxa8 h5 17. Qd5+ Bd6 18. Qxd4 f6 19. b4 Ke7 20. Qxa1 Be6 21. Bc6 Bxh2 22. Qd4 Be5 23. Qxa7 h4 24. a4 h3 25. gxh3 Rxh3 26. Ba3 Rh2 27. Qa8 1-0